Central Library OPAC University of Rajshahi

قلم انداز : ;; Qalamʹandāz : (Record no. 78445)

MARC details
000 -LEADER
fixed length control field 01251cam a2200313 a 4500
001 - CONTROL NUMBER
control field 78445
003 - CONTROL NUMBER IDENTIFIER
rucl marc code BD-RjUL
005 - DATE AND TIME OF LATEST TRANSACTION
control field 20211209083129.0
008 - FIXED-LENGTH DATA ELEMENTS--GENERAL INFORMATION
fixed length control field 210923s19681377ir a b 000 0 per d
020 ## - INTERNATIONAL STANDARD BOOK NUMBER
International Standard Book Number 9644353099
035 ## - SYSTEM CONTROL NUMBER
System control number (BD-RjUL)78671
040 ## - CATALOGING SOURCE
Original cataloging agency MH
Transcribing agency MH
Modifying agency CStRLIN
-- DLC-R
-- DLC
Language of cataloging eng
041 ## - LANGUAGE CODE
Language code of text/sound track or separate title per
066 ## - CHARACTER SETS PRESENT
Alternate G0 or G1 character set (3
-- (4
082 ## - DEWEY DECIMAL CLASSIFICATION NUMBER
Edition number 23
Classification number 891.55092
Author mark and year MUQ 1968[1377]
100 1# - MAIN ENTRY--PERSONAL NAME
Personal name موسوى گرمارودى، على.;; Mūsavī Garmārūdī, ʻAlī.
9 (RLIN) 248340
245 10 - TITLE STATEMENT
Title قلم انداز : ;; Qalamʹandāz :
Remainder of title مجموعۀ مقالات، سفرنامه ها و نقد و برر سى ٤٧٣١-٨٤٣١ / majmūʻah-ʼi maqālāt, safarnāmahʹhā va naqd va barʹrasī, 1348-1374 /
Statement of responsibility, etc. على موسوى گرمارودى.;; Alī Mūsavī Garmārūdī.
246 1# - VARYING FORM OF TITLE
Display text Title on p. 4 of cover:
Title proper/short title Miscellanea
250 ## - EDITION STATEMENT
Edition statement چاپ 1. ;; Chāp-i 1.
260 ## - PUBLICATION, DISTRIBUTION, ETC. (IMPRINT)
Place of publication, distribution, etc. Tihrān :
Name of publisher, distributor, etc. Surūsh,
Date of publication, distribution, etc. 1968.
Place of publication, distribution, etc. تهران :
Name of publisher, distributor, etc. سروش،
Date of publication, distribution, etc. ١٣٧٧
300 ## - PHYSICAL DESCRIPTION
Pagination 590 p. :
Illustrations ill. ;
Size 24 cm.
500 ## - GENERAL NOTE
General note Miscellaneous writings.
504 ## - BIBLIOGRAPHY, ETC. NOTE
Bibliography, etc Includes bibliographical references.
650 ## - SUBJECT ADDED ENTRY--TOPICAL TERM
Topical term or geographic name as entry element Persian literature
9 (RLIN) 248341
Form subdivision Criticism and interpretation.
Topical term or geographic name as entry element Authors, Persian
9 (RLIN) 248342
942 ## - ADDED ENTRY ELEMENTS (KOHA)
Source of classification or shelving scheme Dewey Decimal Classification
Koha item type Books
Holdings
Lost status Source of classification or shelving scheme Damaged status Not for loan Collection code Permanent Location Current Location Shelving location Date acquired Source of acquisition Total Checkouts Full call number Date last seen Copy number Koha item type
  Dewey Decimal Classification   Not For Loan Non-fiction Central Library, University of Rajshahi Central Library, University of Rajshahi Reading Room 13/08/2007 Iran Embassy , Dhaka   F 891.55092 MUQ 1968[1377] 23/09/2021 C-1 Books